000 00821nam a2200241 i 4500
001 125149
003 ES-MaACL
005 20230906192550.0
007 t|
008 070504s1929 sp ||||1| spa d
080 _a860-22"19"
100 1 _aPaso, Antonio.
_989421
245 1 0 _aDe la Habana ha venido un barco--
_b: comedia grotesca en tres actos en prosa /
_cAntonio Paso y Antonio Estremera ; dibujos de Almada.
260 _aMadrid :
_bRivadeneyra,
_c1929.
300 _a59 p. ;
_c17 cm.
490 1 _aLa Farsa ;
_v74
500 _aEstrenada en el Teatro Cómico de Madrid, el día 14 de diciembre de 1928.
700 1 _aEstremera, Antonio.
_948253
700 1 _aAlmada Negreiros, José de.
_920067
830 0 _aLa Farsa ;
_v74
_9185863
852 _aES-MaACL
_j2230-F-1
_bR.140870
999 _c125149
_d125149